Canadian Provinces, Territories & Capitals - Statistics

General Stats
  • This quiz has been taken 295 times
  • The average score is 23 of 26
Answer Stats
Province/Territory/Capital % Correct
Ontario
98%
Quebec
98%
Quebec City
98%
British Columbia
96%
Alberta
95%
Manitoba
95%
Toronto
94%
Yukon
94%
Saskatchewan
93%
Newfoundland and Labrador
92%
Nunavut
92%
Prince Edward Island
92%
Northwest Territories
91%
Nova Scotia
91%
New Brunswick
88%
Yellowknife
85%
Victoria
84%
Edmonton
83%
Winnipeg
83%
Whitehorse
81%
Halifax
79%
Regina
79%
St. John's
75%
Charlottetown
70%
Iqaluit
70%
Fredericton
66%
No matching quizzes found
Score Distribution
Percent of People with Each Score
Percentile by Number Answered
Your Score History
You have not taken this quiz